[Event "POR-chT2"]
[Site "Portugal"]
[Date "2005.02.19"]
[Round "?"]
[White "Pinho, Fernando Moreira"]
[Black "Rodrigues, Jose"]
[Result "0-1"]
[WhiteElo "1908"]
[BlackElo "2085"]
[PlyCount "92"]
[EventDate "2005.01.??"]
[EventType "team"]
[EventRounds "7"]
[EventCountry "POR"]
[SourceTitle "EXT 2006"]
[Source "ChessBase"]
[SourceDate "2005.11.24"]
[SourceVersion "1"]
[SourceVersionDate "2005.11.24"]
[SourceQuality "1"]

1. e4 e6 2. d4 d5 3. Nc3 Bb4 4. e5 c5 5. Bd2 Ne7 6. Nb5 Bxd2+ 7. Qxd2 0-0 8. f4 a6 9. Nd6 cxd4 10. Qxd4 Nbc6 11. Qf2 f6 12. Nxc8 Rxc8 13. exf6 Rxf6 14. c3 Qa5 15. Ne2 e5 16. g3 Nd4 17. Nxd4 exd4 18. Qxd4 Re6+ 19. Kd2 Re4 20. Qd3 Nc6 21. Kd1 Nb4 22. Qd2 Nxa2 23. Rb1 Qa4+ 24. Qc2 Re1+ 25. Kd2 Qxc2+ 26. Kxc2 Nb4+ 27. Kb3 Rxb1 28. Kxb4 Rxb2+ 29. Ka3 Rb1 30. Ka2 Rd1 31. Bh3 Rxh1 32. Bxc8 Rxh2+ 33. Kb3 Rh6 34. Ka4 Rb6 35. g4 Kf7 36. f5 Kf6 37. Ka5 Rb2 38. Be6 Ke5 39. Ka4 g6 40. Ka3 Rb6 41. Bc8 gxf5 42. Bxf5 h5 43. Bc8 h4 44. g5 Re6 45. g6 Rxg6 46. Bxb7 h3 0-1

[Event "St Joao da Madeira op"]
[Site "St Joao da Madeira"]
[Date "2003.??.??"]
[Round "1"]
[White "Pinheiro, Albano Guise"]
[Black "Pinho, Fernando Moreira"]
[Result "1-0"]
[WhiteElo "2111"]
[BlackElo "1911"]
[PlyCount "109"]
[EventDate "2003.??.??"]
[EventType "swiss"]
[EventRounds "7"]
[EventCountry "POR"]
[SourceTitle "EXT 2005"]
[Source "ChessBase"]
[SourceDate "2004.11.15"]
[SourceVersion "1"]
[SourceVersionDate "2004.11.15"]
[SourceQuality "1"]

1. e4 e6 2. d4 d5 3. Nc3 Nf6 4. exd5 exd5 5. Bd3 b6 6. Nf3 Be7 7. 0-0 0-0 8. Bg5 c5 9. dxc5 bxc5 10. Bxf6 Bxf6 11. Nxd5 Bb7 12. Be4 Nc6 13. c3 Rb8 14. Qc2 Ne5 15. Nxf6+ Qxf6 16. Nxe5 Qxe5 17. Bxh7+ Kh8 18. Rfe1 Qg5 19. Be4 Bc8 20. Re3 g6 21. Rg3 Qf6 22. Qd2 Kg7 23. f4 Rd8 24. Qf2 Rb6 25. Rd3 Re8 26. Bd5 Ba6 27. Rd2 Qe7 28. c4 Rf6 29. g3 g5 30. f5 g4 31. Qf4 Bc8 32. Qxg4+ Kf8 33. Rf2 Qe5 34. Qf4 Qxf4 35. Rxf4 Re2 36. Rf2 Rxf2 37. Kxf2 Bxf5 38. Kg2 Rh6 39. h4 Rb6 40. b3 Ra6 41. Kf3 Bc2 42. Ke3 Bxb3 43. Rf1 Rxa2 44. Rxf7+ Ke8 45. h5 Ra3 46. Kf4 Bxc4 47. Bxc4 Ra4 48. Kg5 Rxc4 49. Rxa7 Kf8 50. Rc7 Kg8 51. g4 Rc1 52. Kg6 Kf8 53. h6 Rd1 54. h7 Rd6+ 55. Kh5 1-0

[Event "St Joao da Madeira op"]
[Site "St Joao da Madeira"]
[Date "2003.??.??"]
[Round "2"]
[White "Pinho, Fernando Moreira"]
[Black "Chemeris, Roman M"]
[Result "1-0"]
[WhiteElo "1911"]
[BlackElo "2210"]
[PlyCount "77"]
[EventDate "2003.??.??"]
[EventType "swiss"]
[EventRounds "7"]
[EventCountry "POR"]
[SourceTitle "EXT 2005"]
[Source "ChessBase"]
[SourceDate "2004.11.15"]
[SourceVersion "1"]
[SourceVersionDate "2004.11.15"]
[SourceQuality "1"]

1. e4 c5 2. Nf3 Nc6 3. Nc3 g6 4. d4 cxd4 5. Nxd4 Bg7 6. Be3 Nf6 7. Bc4 d6 8. h3 0-0 9. 0-0 Nxe4 10. Bxf7+ Kxf7 11. Nxe4 Nxd4 12. Bxd4 e5 13. Be3 d5 14. Nc5 b6 15. Nb3 Ba6 16. Re1 d4 17. Bd2 Kg8 18. Bb4 Rf4 19. Bd2 Rf5 20. Qg4 Qf6 21. Qe4 Rd8 22. g4 Rxf2 23. Bg5 Qxg5 24. Kxf2 Qh4+ 25. Kg1 Qxh3 26. Rad1 Bc4 27. Qg2 Qh4 28. Nd2 Be6 29. g5 Bg4 30. Re4 Bxd1 31. Rxh4 Bxc2 32. Qc6 Bf5 33. Ne4 d3 34. Qc4+ Kf8 35. Rh2 Rd4 36. Qc7 Rxe4 37. Rxh7 Re1+ 38. Kf2 Re2+ 39. Kf1 1-0

[Event "St Joao da Madeira Masters"]
[Site "St Joao da Madeira"]
[Date "2001.10.09"]
[Round "5.5"]
[White "Chemeris, Roman M"]
[Black "Pinho, Fernando Moreira"]
[Result "1-0"]
[WhiteElo "2174"]
[BlackElo "2000"]
[PlyCount "89"]
[EventDate "2001.10.05"]
[EventType "tourn"]
[EventRounds "9"]
[EventCountry "POR"]
[SourceTitle "CBM 085 Extra"]
[Source "ChessBase"]
[SourceDate "2002.01.21"]
[SourceVersion "1"]
[SourceVersionDate "2002.01.21"]
[SourceQuality "1"]

1. e4 Nf6 2. e5 Nd5 3. d4 d6 4. Nf3 Bg4 5. Be2 Nc6 6. c4 Nb6 7. exd6 exd6 8. 0-0 Be7 9. b3 0-0 10. Bb2 a5 11. a3 f5 12. Nbd2 Bf6 13. Rb1 Bh5 14. d5 Bxf3 15. Nxf3 Bxb2 16. Rxb2 Qf6 17. Rd2 Ne5 18. Nd4 a4 19. Ne6 Rfc8 20. f4 Ned7 21. b4 Nf8 22. Nd4 Re8 23. Nb5 Qe7 24. Kh1 Rac8 25. Nc3 Ng6 26. Bd3 Qh4 27. g3 Qh3 28. Re1 Nf8 29. Rde2 Rxe2 30. Qxe2 g6 31. c5 Nbd7 32. Nxa4 Nf6 33. Nc3 Re8 34. Qd2 Rxe1+ 35. Qxe1 Ng4 36. Qd2 Qh5 37. h4 Nd7 38. c6 bxc6 39. dxc6 Ndf6 40. b5 Ne4 41. Bxe4 fxe4 42. Qd5+ Qxd5 43. Nxd5 e3 44. Nxe3 Nxe3 45. b6 1-0